A desert in Bohemia / Jill Paton Walsh.
Available copies
- 1 of 1 copy available at LARL/NWRL Consortium. (Show)
- 1 of 1 copy available at Northwest Regional Library.
Current holds
0 current holds with 1 total copy.
Show Only Available Copies
| Location | Call Number / Copy Notes | Barcode | Shelving Location | Status | Due Date |
|---|---|---|---|---|---|
| Thief River Falls Public Library | PAT (Text) | 35500002956363 | Main | Available | - |
Record details
- ISBN: 0312262639
- Physical Description: 335 p. ; 22 cm.
- Publisher: New York : St. Martin's Press, 2000.
Content descriptions
| General Note: | First published in Great Britain by Doubleday. |
Search for related items by subject
| Subject: | Refugees > Fiction. Communism > Fiction. Europe, Central > Fiction. |
| Genre: | Political fiction. |
| LDR | 00936cam a2200265Ia 4500 | ||
|---|---|---|---|
| 001 | 33084 | ||
| 003 | LARL_NWRL_CONSORTIUM | ||
| 008 | 010206s2000 nyu 000 1 eng d | ||
| 020 | . | ‡a0312262639 | |
| 035 | . | ‡a(OCoLC)45369926 | |
| 040 | . | ‡aNRG | |
| 092 | . | ‡aPAT | |
| 099 | . | ‡aPat | |
| 100 | 1 | . | ‡aPaton Walsh, Jill, ‡d1937- ‡0(LARL_NWRL_CONSORTIUM)51703 |
| 245 | 1 | 2. | ‡aA desert in Bohemia / ‡cJill Paton Walsh. |
| 260 | . | ‡aNew York : ‡bSt. Martin's Press, ‡c2000. | |
| 300 | . | ‡a335 p. ; ‡c22 cm. | |
| 500 | . | ‡aFirst published in Great Britain by Doubleday. | |
| 650 | 0. | ‡aRefugees ‡vFiction. ‡0(LARL_NWRL_CONSORTIUM)167083 | |
| 650 | 0. | ‡aCommunism ‡vFiction. | |
| 651 | 0. | ‡aEurope, Central ‡vFiction. | |
| 655 | 0. | ‡aPolitical fiction. | |
| 901 | . | ‡a33084 ‡bOCLC ‡c33084 ‡tbiblio | |

Add to basket
Permalink
Enable Highlighting